Le nom des personnages de Lost - Statistiques

Statistiques générales
  • Ce quiz a été pris 211 fois
  • Le résultat moyen est 16 sur 21
Statistiques - réponses
First Name Last Name % Correct
John Locke
98%
Jack Shephard
97%
Kate Austen
95%
Hugo "Hurley" Reyes
91%
Benjamin Linus
89%
James "Sawyer" Ford
88%
Sayid Jarrah
86%
Jin-Soo Kwon
84%
Sun-Hwa Kwon
83%
Daniel Faraday
78%
Charlie Pace
77%
Claire Littleton
75%
Charles Widmore
74%
Desmond Hume
71%
Danielle Rousseau
70%
Alexandra Rousseau
68%
Penny Hume
65%
Juliet Burke
59%
Richard Alpert
55%
Christian Shephard
44%
Miles Straume
38%
Aucun quiz correspondant
Distribution des résultats
% des personnes avec chaque résultat
Percentile par nombre de réponses
Votre historique - résultats
Vous n’avez pas pris ce quiz